Statistiques concernant 50 mots avec 'â'

Cliquez ici pour prendre le quiz!

Statistiques générales

  • Ce quiz a été pris 194 fois
  • Le résultat moyen est 12 sur 50

Statistiques - réponses

Premières lettresMot% Correct
ÂgÂge
88%
ÂnÂne
88%
ÂmÂme
80%
Gâteau
69%
ChChâteau
51%
ApAppât
44%
Hâte
40%
Pâte
36%
Mât
34%
Mâche
32%
ChChâle
31%
Râle
31%
Bâche
29%
Bâton
29%
GrGrâce
28%
ÂtÂtre
27%
Gâche
27%
BlBlâme
26%
Bâtiment
25%
Râteau
25%
Câlin
24%
CrCrâne
24%
Dégât
23%
Lâche
23%
Tâche
23%
ThThéâtre
21%
Mâle
20%
PlPlâtre
19%
Câble
18%
Hâle
16%
Bâtard
12%
Pâtre
10%
Râpe
10%
Pâtisserie
9%
Bâtisse
7%
Bâillon
6%
Câpre
6%
ChChâssis
5%
Débâcle
5%
Gâterie
5%
Mâchoire
5%
Pâturage
5%
Pâquerette
4%
ChChâtaigne
3%
ChChâtiment
3%
Gâchette
2%
Pâtée
2%
ChChâsse
1%
Râtelier
1%
Tâtonnement
1%

Distribution des résultats

Percentile par nombre de réponses

% des personnes avec chaque résultat

Votre développement - résultats

Vous n’avez pas pris ce quiz